[Event "HUN-chT2 Charousek 1112"]
[Site "Hungary"]
[Date "2011.09.25"]
[Round "1"]
[White "Ladanyi, Zsolt"]
[Black "Orgovan, Sandor"]
[Result "1/2-1/2"]
[WhiteElo "2103"]
[BlackElo "2225"]
[PlyCount "83"]
[EventDate "2011.09.25"]
[EventType "team-tourn"]
[EventRounds "11"]
[EventCountry "HUN"]
[SourceTitle "EXT 2013"]
[Source "ChessBase"]
[SourceDate "2012.11.22"]
[SourceVersion "1"]
[SourceVersionDate "2012.11.22"]
[SourceQuality "1"]
[WhiteTeam "Aquaprofit II"]
[BlackTeam "MLTC II"]
[WhiteTeamCountry "HUN"]
[BlackTeamCountry "HUN"]

1. e4 c5 2. Nf3 d6 3. d4 cxd4 4. Nxd4 e6 5. Nc3 a6 6. a4 b6 7. Be2 Bb7 8. f4 Nd7 9. 0-0 Qc7 10. Bf3 Rc8 11. Kh1 Ngf6 12. Qe2 e5 13. Nf5 g6 14. fxe5 dxe5 15. Ne3 Bg7 16. Ng4 0-0 17. Bg5 Nh5 18. Nh6+ Bxh6 19. Bxh6 Nf4 20. Qf2 Rfe8 21. Bg4 f5 22. Bxf5 gxf5 23. Qg3+ Ng6 24. exf5 Qc6 25. fxg6 Qxg6 26. Qxg6+ hxg6 27. Rad1 Nc5 28. Rd6 Rc6 29. Rff6 Rxd6 30. Rxd6 Re6 31. Rxe6 Nxe6 32. Be3 Nf4 33. Bxf4 exf4 34. Kg1 Kf7 35. Ne2 g5 36. Kf2 Kf6 37. h4 gxh4 38. Nxf4 Kf5 39. Nh3 Bc6 40. a5 bxa5 41. Ng1 Be4 42. c3 1/2-1/2

[Event "HUN-chT2 Charousek 1011"]
[Site "Hungary"]
[Date "2011.04.10"]
[Round "8"]
[White "Ladanyi, Zsolt"]
[Black "Bubits, Bence"]
[Result "0-1"]
[WhiteElo "2134"]
[BlackElo "2072"]
[PlyCount "72"]
[EventDate "2010.09.12"]
[EventType "team-tourn"]
[EventRounds "11"]
[EventCountry "HUN"]
[SourceTitle "EXT 2012"]
[Source "ChessBase"]
[SourceDate "2011.11.24"]
[SourceVersion "1"]
[SourceVersionDate "2011.11.24"]
[SourceQuality "1"]
[WhiteTeam "Aquaprofit II"]
[BlackTeam "Csuti II"]
[WhiteTeamCountry "HUN"]
[BlackTeamCountry "HUN"]

1. e4 c5 2. Nf3 Nc6 3. c4 e5 4. Nc3 g6 5. d3 Bg7 6. Nd5 Nge7 7. h4 h6 8. Be3 Nd4 9. Nxd4 Nxd5 10. exd5 cxd4 11. Bd2 0-0 12. Qc1 Kh7 13. h5 g5 14. Qc2 f5 15. 0-0-0 b5 16. f3 Bb7 17. Kb1 Qb6 18. Re1 Rfc8 19. Qb3 Rab8 20. Be2 Ba6 21. Rc1 Qf6 22. c5 Bb7 23. d6 Kh8 24. Rhf1 b4 25. Bxb4 a5 26. Bxa5 Bxf3 27. Qc2 Bxg2 28. Rf2 Bd5 29. Bg4 Be6 30. Bxf5 Rb5 31. Bg6 Bxa2+ 32. Kxa2 Rxa5+ 33. Kb1 Rca8 34. Qe2 Qd8 35. Rc4 Qb8 36. Qd2 Qb3 0-1